000 00600nam a22001817a 4500
003 NUST
020 _qHardcover.
038 _aMr. Zahoor
082 _a620.1
100 _aRafique, Shazia
_917468
245 _aStatistical analysis of Electron beam welded 10mm Thick KOVAR Plate Using Taguchi method /
_cShazia Rafique.
260 _aIslamabad :
_bSMME - NUST,
_c2018.
300 _a79 p. : ill. ;
_c30cm.
_e+CD.
650 _aMechanical Engineering - MS Thesis
_916090
700 _aDr. Mushtaq Khan
_916155
856 _uhttp://10.250.8.41:8080/xmlui/handle/123456789/13015
942 _2ddc
_cTHE
999 _c526461
_d526461